00979nam a22003137a 4500003000400000005001700004008004100021020002200062040003700084082002900121100002400150245006300174260004400237300005400281500004700335650001900382650003500401650002400436650002200460650002300482650002100505700002000526700001800546700001700564700002300581700002200604700002100626700001800647OSt20250822040338.0250822t2016 |||||||| |||| 00| | eng d a978-971-23-7829-4 cJMCFI - Learning Resource Center aFil./G.Ed. 550 Ea12 2016 aMiller, G. Tyler Jr aEarth science /cG. Tyler Miller, Jr. [ and seven others]. aManila :bRex Book Store, Inc. ,c2016. aix, 385 pages :bblack and white, illus. ;c25 cm aIncludes indexes and biographical records. aEarth science. aSolar system.aSoil resources. aExogenic processes. aEnergy resources. aMineral resources. aWater resources. aSpoolman, Scott aOwen, Claudia aPirie, Diane aDraper, Greenville aPetersen, James F aGabler, Robert E aSack, Dorothy